THE NIGHANTU & NIRUKTA (Record no. 7935)

MARC details
000 -LEADER
fixed length control field 00286nam a2200121Ia 4500
082 ## - DEWEY DECIMAL CLASSIFICATION NUMBER
Classification number 615.53
Item number N 02 S
100 ## - MAIN ENTRY--PERSONAL NAME
Personal name SARUP,LAKSHAMAN
245 ## - TITLE STATEMENT
Title THE NIGHANTU & NIRUKTA
260 ## - PUBLICATION, DISTRIBUTION, ETC. (IMPRINT)
Name of publisher, distributor, etc VED PRAKASH
Year of Publication 2002
300 ## - PAGE DESCRIPTION
No. of Pages 287
942 ## - ADDED ENTRY ELEMENTS (KOHA)
Source of classification or shelving scheme Dewey Decimal Classification
Koha item type Books
Holdings
Withdrawn status Lost status Source of classification or shelving scheme Damaged status Use restrictions Not for loan Collection code Home library Current library Date acquired Vendor Name Cost, normal purchase price SGTU Bill Number Full call number Accession No. (Barcode) Date last seen Bill Date Koha item type
    Dewey Decimal Classification   Restricted Access   AYURVEDA SGT FA-FP Library SGT FA-FP Library 14/09/2015 CHAUKHAMBHA PUB. NEW DELHI 60.00 SGTU CP/B/788 615.53 N 02 S FA2068 17/07/2025 28/01/2015 Rare Books